000 00581nam a22001937a 4500
999 _c189464
_d189464
005 20220701142858.0
010 _aPayal Dewal
020 _a9789391494315
_c50.00
037 _bSahitya Akademi
082 _22021
100 _aBantawa,Bijay
245 _aJeevan Theeng/
_cBijay Bantawa
250 _a2021
260 _aNew Delhi
_bSahitya Akademi
270 _aRabindra Bhavan,35,Ferozeshah Road
_bNew Delhi
_e110001
_k011-23386626/27/28
_mSecretery@sahitya-akademi.gov.in
300 _ax,65p.
_c22c.m.(Pb)
490 _aMakes Of Indian Literature
942 _2ddc
_cEN
_e2021
_mBAN